Kleine französische Sprachlehre für real, mittel und bürgerschulen, erweiterte dolks, fortbildungs und handelsschelen, für privat lehranstalten (Record no. 10724)
[ view plain ]
| 000 -CABECERA | |
|---|---|
| campo de control de longitud fija | 00949nam a2200253 a 4500 |
| 001 - NÚMERO DE CONTROL | |
| campo de control | BRL_1916 |
| 005 - FECHA Y HORA DE LA ÚLTIMA TRANSACCIÓN | |
| campo de control | 20190320211432.0 |
| 008 - DATOS DE LONGITUD FIJA--INFORMACIÓN GENERAL | |
| campo de control de longitud fija | 180815s1921----gw-#######---#000-0#ger-# |
| 041 ## - CÓDIGO DE LENGUA | |
| Código de lengua del texto/banda sonora o título independiente | gerfre |
| 044 ## - CÓDIGO DEL PAÍS DE LA ENTIDAD EDITORA/PRODUCTORA | |
| Código MARC del país | gw |
| 050 #4 - SIGNATURA TOPOGRÁFICA DE LA BIBLIOTECA DEL CONGRESO | |
| Número de clasificación | PC2129.G3 |
| Número de documento/Ítem | .O88 1921 |
| 100 1# - ENTRADA PRINCIPAL--NOMBRE DE PERSONA | |
| Nombre de persona | Otto, Emil |
| 9 (RLIN) | 28226 |
| 245 10 - MENCIÓN DE TÍTULO | |
| Título | Kleine französische Sprachlehre für real, mittel und bürgerschulen, erweiterte dolks, fortbildungs und handelsschelen, für privat lehranstalten |
| Mención de responsabilidad, etc. | von Dr. Emil Otto : neubearbeitet von professor Gottfried Süpfle. |
| 260 ## - PUBLICACIÓN, DISTRIBUCIÓN, ETC. | |
| Lugar de publicación, distribución, etc. | Heidelberg |
| Nombre del editor, distribuidor, etc. | Julius Groos, Derlag |
| Fecha de publicación, distribución, etc. | 1921 |
| 300 ## - DESCRIPCIÓN FÍSICA | |
| Extensión | xi, 326 p. |
| Dimensiones | 20 cm. |
| Material acompañante/anejo | + 1 folleto de abreviatura (48 p.- 19 cm) |
| 440 #0 - MENCIÓN DE SERIE/PUNTO DE ACCESO ADICIONAL--TÍTULO | |
| Título | Methode Gaspen Otto Sauer |
| 9 (RLIN) | 28227 |
| 500 ## - NOTA GENERAL | |
| Nota general | Au2149 |
| 500 ## - NOTA GENERAL | |
| Nota general | Estado físico: Falta parte del lomo. |
| 500 ## - NOTA GENERAL | |
| Nota general | Texto: Alemán y frances |
| 650 14 - PUNTO DE ACCESO ADICIONAL DE MATERIA--TÉRMINO DE MATERIA | |
| Término de materia o nombre geográfico como elemento de entrada | Frances |
| Subdivisión general | Libros de lectura - Alemán |
| 9 (RLIN) | 28228 |
| 650 14 - PUNTO DE ACCESO ADICIONAL DE MATERIA--TÉRMINO DE MATERIA | |
| Término de materia o nombre geográfico como elemento de entrada | Frances |
| Subdivisión general | Gramática |
| 9 (RLIN) | 28229 |
| 902 ## - CATALOGADOR | |
| Iniciales | GRL |
| 942 ## - ELEMENTOS DE PUNTO DE ACCESO ADICIONAL (KOHA) | |
| Fuente del sistema de clasificación o colocación | Library of Congress Classification |
| Tipo de ítem Koha | Libros |
| Estado de retiro | Estado de pérdida | Estado dañado | No para préstamo | Localización permanente | Ubicación/localización actual | Fecha de adquisición | Número de inventario | Total de préstamos | Signatura topográfica completa | Código de barras | Fecha visto por última vez | Precio válido a partir de | Tipo de ítem Koha |
|---|---|---|---|---|---|---|---|---|---|---|---|---|---|
| El ejemplar forma parte de la colección y puede ser consultado según las políticas vigentes. | Biblioteca Centro de Estudios Ruth D. Lechuga | Biblioteca Centro de Estudios Ruth D. Lechuga | 18/08/2015 | Au2149 | PC2129.G3 .O88 1921 (Au2149) | GRL02123 | 22/03/2019 | 22/03/2019 | Libros |